000 00491nam a22001817a 4500
005 20251108164039.0
008 250721s1986 xx 000 0 ara d
082 1 4 _a216,7/عطي
100 1 _aعمر، عطيه الدسوقي
245 1 0 _aالجهاد في القرآن الكريم /
264 1 _aالقاهرة :
_bدار الشعب،
_c1986.
300 _a239ص
650 1 7 _aالإسلام
650 1 7 _aالفقه
650 1 7 _aالجهاد
942 _2ddc
_cBK
999 _c2284
_d2284